Music Quiz

Random Music or Bands Quiz

Male Name Songs Quiz Stats

 Plays Quiz not verified by Sporcle

Score 0/16 Timer 07:00
0 Plays Today
Band/Artist Song Title % Correct
Michael JacksonBen
79.2%
Pearl JamJeremy
73.6%
Toni BasilMickey
72.2%
Lady GagaAlejandro
63.9%
EminemStan
58.3%
Elton JohnDaniel
55.6%
ABBAFernando
52.8%
Suzanne VegaLuka
43.1%
Band/Artist Song Title % Correct
Elton JohnLevon
16.7%
BlondieDenis
15.3%
Concrete BlondeJoey
15.3%
Erykah BaduTyrone
11.1%
Carly SimonJesse
8.3%
Dionne WarwickAlfie
4.2%
LifehouseSimon
4.2%
John MayerLenny
2.8%

You're not logged in!

Compare scores with friends on all Sporcle quizzes.
OR
Log In

Show Comments

Extras

Created Nov 4, 2010ReportNominate
Tags:Artist Quiz, Bands Quiz, male, simply

Top Quizzes Today


Score Distribution

Your Account Isn't Verified!

In order to create a playlist on Sporcle, you need to verify the email address you used during registration. Go to your Sporcle Settings to finish the process.

Report this User

Report this user for behavior that violates our Community Guidelines.

Details: